| 000 -LEADER |
| fixed length control field |
00651nam a22001577a 4500 |
| 003 - CONTROL NUMBER IDENTIFIER |
| control field |
OSt |
| 005 - DATE AND TIME OF LATEST TRANSACTION |
| control field |
20150923133056.0 |
| 008 - FIXED-LENGTH DATA ELEMENTS--GENERAL INFORMATION |
| fixed length control field |
150923b xxu||||| |||| 00| 0 eng d |
| 040 ## - CATALOGING SOURCE |
| Transcribing agency |
RUA |
| 082 ## - DEWEY DECIMAL CLASSIFICATION NUMBER |
| Classification number |
AGR OUM 2007 B048 Or.1 |
| 100 ## - MAIN ENTRY--PERSONAL NAME |
| 9 (RLIN) |
1180 |
| Personal name |
OUM SOPHANN |
| 245 ## - TITLE STATEMENT |
| Title |
STUDY ON NEMATODE ON RICE AND VETABLES IN ANGKOR CHEY DISTRICT,KAMPOT PROVINCE,(សិក្សាវត្តមានណេម៉ាតូតទៅលើដំណាំស្រូវ និងបន្លែ នៅស្រុកអង្គរជ័យ ខេត្តកំពត) |
| 260 ## - PUBLICATION, DISTRIBUTION, ETC. (IMPRINT) |
| Place of publication, distribution, etc. |
phnom penh |
| Name of publisher, distributor, etc. |
RUA |
| Date of publication, distribution, etc. |
2007 |
| 300 ## - PHYSICAL DESCRIPTION |
| Extent |
xi, 47p. |
| Dimensions |
ill. |
| Size of unit |
29cm. |
| 942 ## - ADDED ENTRY ELEMENTS (KOHA) |
| Source of classification or shelving scheme |
|
| Koha item type |
AGR |